00601cam a22002051a 4500001001300000003000400013005001700017008004100034010001700075035001900092040005000111050001600161100003700177245005600214260004500270300002100315490002400336650002000360999001500380af 49000169 DLC20260227110914.0811028s1942 ne 000 0 fry c aaf 49000169  a(OCoLC)7885152 aChicago University LibrarycMiGrCdMiGrCdDLC00aPF1513b.S41 aSchurer, Fedde,d1898-1968,eed.10aFiif en tweintich Fryske dichters /cFedde Schurer. aAmsterdam :bBigot & Van Rossum,c[1942] a123 p. ;c19 cm.0 aDe Kolibri ;vnr. 5 0aFrisian poetry. c6509d6509